000 00310nam a22001217a 4500
008 230606b xxu||||| |||| 00| 0 eng d
020 _a10014937
082 _a342.945
_bITA
245 _aThe Constitution Of The Italian Republic
260 _aItaly
_bSegreteria Generale
_c2007
300 _a58 p
942 _2ddc
_cBK
999 _c647
_d647